000 00284nam a22001217a 4500
020 _aNA
082 _222
_a658.7
100 _aGopalakrishnan, P. and Sundaresan, M.
245 _aMaterials management /
260 _bPrentice Hall,
_cc2005.
300 _a0
_bill. ;
942 _2ddc
_cMAG
_01
999 _c4216
_d4216